Majority Catholic Countries of the EU - Statistics

General Stats
  • This quiz has been taken 1,078 times
  • The average score is 8 of 11
Answer Stats
Answer % Correct
74 Italy
96%
53 Spain
95%
80 Portugal
91%
71 Poland
86%
69 Ireland
76%
55 Austria
75%
72 Slovenia
75%
83 Croatia
72%
83 Malta
70%
60 Slovakia
68%
74 Lithuania
44%
No matching quizzes found
Score Distribution
Percent of People with Each Score
Percentile by Number Answered
Your Score History
You have not taken this quiz